| 000 | 00877nam a2200229Ia 4500 | ||
|---|---|---|---|
| 008 | 191130s2009##################000#0#eng## | ||
| 020 | _a9781849711548 | ||
| 022 | _a2008033032 | ||
| 040 |
_aACL _cACL |
||
| 082 | _a363.70561 PAT | ||
| 245 |
_aAssessing vulnerability to global environmental change : making research useful for adaptation decision making and policy _cedited by Anthony G. Patt ... [et al.] ; with forewords by Hans Joachim Schellnhuber and Rik Leemans |
||
| 260 |
_aLondon ; Sterling, VA _bEarthscan _c2009 |
||
| 300 | _axxiv, 258 p. : ill. ; 24 cm | ||
| 500 | _aIncludes bibliographical references and index | ||
| 650 | _aEnvironmental policy | ||
| 650 | _aEnvironmental risk assessment | ||
| 650 | _aGlobal environmental change | ||
| 700 | _aPatt, Anthony G | ||
| 990 | _ab08966c6ac10000c7989fab1911ee53f | ||
| 991 | _a346171 | ||
| 999 |
_c374457 _d374457 |
||